000 00786nam a22002057a 4500
999 _c533009
_d533009
003 NUST
005 20191210113540.0
008 191210b ||||| |||| 00| 0 eng d
038 _aIESE
082 _a628
_bMAL
100 _aMalik,Surraya Mehbub
_926663
245 _aEvaluation of submerged anaerobic fertilizer driven osmotic membrane bioreactor (AnFDOMBR) for textile wastewater treatment
_cSurraya Mehbub Malik
260 _aIslamabad
_bIESE (SCEE) NUST
_c2019
300 _a42p.
_bH.B
440 _aMS Environmental Engineering
_91549
500 _aThesis MS EE
650 _aEnvironmental Engineering
_91550
700 _4Dr. Sher Jamal (Supervisor)
942 _2ddc
_cTHE
_kIESE